000 00373nam a2200157Ia 4500
008 210210b1936 xxu||||| |||| 00| 0 eng d
041 _aeng
082 _a821/274
100 _aHAMER (E)
245 _aEnglish sonnet
260 _aLondon
_bMethuen and Company Limited
_c1936
650 _asonnet
650 _aEnglish
690 _aEnglish Literature
906 _a011443
999 _c130120
_d130120